Online
Catalog

Tú y yo / (Record no. 4361)

MARC details
000 -CABECERA
campo de control de longitud fija 00753nam a2200229 a 4500
001 - NÚMERO DE CONTROL
campo de control 000004553
005 - FECHA Y HORA DE LA ÚLTIMA TRANSACCIÓN
campo de control 20200929151447.0
008 - DATOS DE LONGITUD FIJA--INFORMACIÓN GENERAL
campo de control de longitud fija 940623s1951 ag 001 p spa
040 ## - FUENTE DE LA CATALOGACIÓN
Centro catalogador/agencia de origen DO-SdBNP
Lengua de catalogación spa
Centro/agencia transcriptor BNPHU
041 17 - CÓDIGO DE LENGUA
Código de lengua del texto/banda sonora o título independiente spa
Código de lengua original fre
Fuente del código Código de idioma MARC
082 ## - NÚMERO DE LA CLASIFICACIÓN DECIMAL DEWEY
Número de clasificación 841.9
Número de documento/Ítem G354t, 1951.
100 1# - ENTRADA PRINCIPAL--NOMBRE DE PERSONA
Nombre de persona Géraldy, Paul,
Fechas asociadas al nombre 1885-1983.
9 (RLIN) 13301
245 10 - MENCIÓN DE TÍTULO
Título Tú y yo /
Mención de responsabilidad, etc. Paul Géraldy; traducción de Edmundo Bianchi.
250 ## - MENCIÓN DE EDICIÓN
Mención de edición 6a ed.
260 ## - PUBLICACIÓN, DISTRIBUCIÓN, ETC.
Lugar de publicación, distribución, etc. Buenos Aires :
Nombre del editor, distribuidor, etc. Librería Hachette,
Fecha de publicación, distribución, etc. 1951.
300 ## - DESCRIPCIÓN FÍSICA
Extensión 157, [3] p. ;
Dimensiones 17 cm.
500 ## - NOTA GENERAL
Nota general Versión castellana de Edmundo Bianchi.
650 #4 - PUNTO DE ACCESO ADICIONAL DE MATERIA--TÉRMINO DE MATERIA
Término de materia o nombre geográfico como elemento de entrada Poesía francesa
9 (RLIN) 4916
650 #4 - PUNTO DE ACCESO ADICIONAL DE MATERIA--TÉRMINO DE MATERIA
Término de materia o nombre geográfico como elemento de entrada Literatura francesa
9 (RLIN) 1074
700 1# - PUNTO DE ACCESO ADICIONAL--NOMBRE DE PERSONA
Nombre de persona Bianchi, Edmundo,
Término indicativo de función/relación tr.
9 (RLIN) 13302
910 ## - DATOS DE OPCIÓN DEL USUARIO (OCLC)
Datos de opción del usuario Catalogación original noche
Holdings
Estado de retiro Estado de pérdida Restricciones de uso No para préstamo Código de colección Localización permanente Ubicación/localización actual Ubicación en estantería Fecha de adquisición Número de inventario Total de préstamos Signatura topográfica completa Código de barras Fecha visto por última vez Precio válido a partir de Tipo de ítem Koha
    Préstamo interno   Monografías: Libros y Folletos General General En catalogación 23.07.2009 LF1   841.9 G354t, 1951. 4553-10 25.06.2020 25.06.2020 Préstamo interno

Powered by Koha